banner-ar

POP ART / (Record no. 21982)

MARC details
000 -الفاتح
حقل البيانات ثابتة الطول 00482nam a2200193Ia 4500
008 - عناصر البيانات ثابتة الطول - معلومات عامة
حقل البيانات ثابتة الطول 140319s9999 xx 000 0 eng d
040 ## - مصدر الفهرسة
وكالة الفهرسة الأصلية GCL /
وكالة النسخ GCL
082 04 - رقم تصنيف ديوى العشرى
رقم التصنيف 759.0671
رقم المادة C P
100 1# - المدخل الرئيسى - إسم شخصى
الإسم الشخصى CALENO, NADINE
245 10 - بيان العنوان
العنوان POP ART /
بيان المسئوليه,etc CALENO, NADINE
700 1# - المدخل الاضافى - اسم شخصى
الإسم الشخصى MARINACCE, KARINE
260 ## - PUBLICATION, DISTRIBUTION, ETC. (IMPRINT)
تاريخ النشر أو التوزيع 1989
300 ## - الوصف المادى
التعداد 31 P
490 ## - بيان السلسلة
عنوان السلسلة PETITE TACHE AU PAYS DE
رقم المجلد/ التعيين التسلسلي 0
650 04 - المدخل الاضافى بالموضوع-مصطلح موضوعى
مصطلح موضوعي PAINTING
650 04 - المدخل الاضافى بالموضوع-مصطلح موضوعى
مصطلح موضوعي POP ART
942 ## - عناصر المدخل الإضافي( كوها)
مصدر التصنيف او مخطط الترفيف Dewey Decimal Classification
Koha [default] item type كتاب
260 ## - PUBLICATION, DISTRIBUTION, ETC. (IMPRINT)
-- [S.N] :
-- EDITIONS DU REGARD ،
Holdings
حالة التراجع حالة الفقد حالة تلف ليس للاعارة المكان المؤقت الموقع الحالى تاريخ الاكتساب اجمالي اﻻعارات رقم الطلب الباركود تاريخ اخر مشاهدة تاريخ تفعيل السعر نوع وعاء كوها
        مكتبة القاهرة الكبرى مكتبة القاهرة الكبرى 03/26/2014   759.0671\C P 40183 03/26/2014 03/26/2014 كتاب

Powered By

EGPV